000 00826nam a22002297a 4500
999 _c65333
_d65333
005 20240530110819.0
008 190709s2018 ua g b 000 0 ara d
017 _a7211/2018
_bمصر. دار الكتب
020 _a9789774524717
040 _aEG-CaGPL
_cEG-CaGPL
082 0 4 _221
_a305.89240569/
_bع ى
100 0 _aعمر كامل
245 1 2 _aاليهود العرب فى اسرائيل :
_bرؤية معرفية /
_cتاليف عمر كامل
260 _aالاسكندرية :
_bمكتبة الاسكندرية،
_c2018.
300 _a599 ص. ؛
_c24 سم.
504 _aيشتمل على ارجاعات ببليوجرافية
650 0 7 _2qrmak
_aاليهود
650 0 7 _2qrmak
_aاليهود فى اسرائيل
651 _2qrmak
942 _2ddc
_cBK